00607 a2200169 4500020001500000020001800015082001200033090001300045100002400058245005400082260003200136300002200168700002400190942002500214999001700239952018100256 a0849325099 a978084932509004a620.106 c844d844 aJohnson, Richard W.10aHandbook of fluid dynamics /cRichard W. Johnson. a[S.l.] :bCRC Press,c1998. a1952 p. ;c27 cm.1 aJohnson, Richard W. aSNScBKk620.106 JOH c62466d62466 00102ddc4070aPNECbPNECcREFd2015-01-16eProgressive International Agency / Reference Grantg10500.00l0o620.106 JOHpPNECLIB-031959r2015-03-02v10500.00w2015-01-16yBK